[Event "FRA-chT3 1314"]
[Site "France"]
[Date "2014.01.12"]
[Round "5.4"]
[White "Renard, Stephane"]
[Black "Canel, Michel"]
[Result "1-0"]
[WhiteElo "1946"]
[BlackElo "1872"]
[PlyCount "91"]
[EventDate "2013.10.13"]
[EventType "team-tourn"]
[EventRounds "9"]
[EventCountry "FRA"]
[SourceTitle "EXT 2019"]
[Source "ChessBase"]
[SourceDate "2018.10.10"]
[SourceVersion "1"]
[SourceVersionDate "2018.10.10"]
[SourceQuality "1"]

1. f4 d5 2. Nf3 c5 3. e3 Nc6 4. Bb5 Bg4 5. Bxc6+ bxc6 6. b3 Nf6 7. Bb2 g6 8. 0-0 Bg7 9. d3 0-0 10. Nbd2 Bf5 11. Qe2 Ne8 12. Bxg7 Nxg7 13. e4 Bc8 14. c4 d4 15. h3 a5 16. g4 f6 17. Kh1 Qc7 18. e5 f5 19. g5 Nh5 20. Qh2 e6 21. h4 Bd7 22. Ne1 Rfb8 23. a4 Be8 24. Nef3 Ra7 25. Ng1 Rab7 26. Rab1 Rb4 27. Ne2 R8b7 28. Ng3 Qb8 29. Nxh5 gxh5 30. Qe2 Bg6 31. Qf3 Qc8 32. Rfc1 Rb8 33. Kg2 Qc7 34. Kf2 Qc8 35. Ke2 Qd7 36. Kd1 R8b7 37. Kc2 Rb8 38. Rb2 Qb7 39. Rcb1 Qd7 40. Nf1 Rc8 41. Ng3 Qe8 42. Rf1 Rcb8 43. Qd1 R8b7 44. Qf3 Rb8 45. Qd1 R8b7 46. Qf3 1-0

[Event "FRA-chT3 Regionale 0405"]
[Site "France"]
[Date "2005.02.27"]
[Round "5.2"]
[White "Canel, Michel"]
[Black "Renard, Stephane"]
[Result "0-1"]
[WhiteElo "2017"]
[BlackElo "1982"]
[PlyCount "96"]
[EventDate "2004.10.03"]
[EventType "team-tourn"]
[EventRounds "7"]
[EventCountry "FRA"]
[SourceTitle "EXT 2019"]
[Source "ChessBase"]
[SourceDate "2018.10.10"]
[SourceVersion "1"]
[SourceVersionDate "2018.10.10"]
[SourceQuality "1"]

1. e4 e6 2. d4 d5 3. e5 c5 4. c3 Nc6 5. Nf3 Qb6 6. Bd3 cxd4 7. cxd4 Bd7 8. 0-0 Nxd4 9. Nxd4 Qxd4 10. Nc3 Qxe5 11. Re1 Qb8 12. Nxd5 Bd6 13. Qg4 Kf8 14. Bd2 h5 15. Qh3 Bc6 16. Nb4 Be8 17. Rad1 Nf6 18. f3 a5 19. Nc2 Nd5 20. Be4 Bc6 21. Qh4 Bc5+ 22. Kh1 Qc7 23. Rc1 Qb6 24. Red1 Qxb2 25. Ne1 Be7 26. Qg3 Qf6 27. Nd3 a4 28. Ne5 h4 29. Rxc6 hxg3 30. Nd7+ Kg8 31. Nxf6+ Bxf6 32. Rc4 Rxh2+ 33. Kg1 Nb6 34. Rb4 Rd8 35. Bc2 Bd4+ 36. Kf1 Rh1+ 37. Ke2 Rxd1 38. Bxd1 a3 39. Be1 Bf2 40. Bxf2 gxf2 41. Bb3 Rd2+ 42. Kf1 Nd5 43. Re4 Nc3 44. Rc4 Nd5 45. Re4 Kf8 46. g3 Ke7 47. Bxd5 Rxd5 48. Re3 Rd1+ 0-1

[Event "FRA-chT3 North 0304"]
[Site "France"]
[Date "2003.12.07"]
[Round "4.5"]
[White "Canel, Michel"]
[Black "Roussel, Cyril"]
[Result "0-1"]
[WhiteElo "2042"]
[BlackElo "1970"]
[PlyCount "83"]
[EventDate "2003.11.??"]
[EventType "team-tourn"]
[EventRounds "9"]
[EventCountry "FRA"]
[SourceTitle "EXT 2006"]
[Source "ChessBase"]
[SourceDate "2005.11.24"]
[SourceVersion "1"]
[SourceVersionDate "2005.11.24"]
[SourceQuality "1"]
[WhiteTeam "Baisieux"]
[BlackTeam "Boulogne sur Mer"]
[WhiteTeamCountry "FRA"]
[BlackTeamCountry "FRA"]

1. e4 e6 2. d4 d5 3. e5 c5 4. c3 Qb6 5. Nf3 Nc6 6. Bd3 Bd7 7. 0-0 cxd4 8. cxd4 Nxd4 9. Nxd4 Qxd4 10. Nc3 Qb6 11. Bd2 Ne7 12. Kh1 Nc6 13. f4 Nb4 14. Be2 d4 15. Ne4 d3 16. Bf3 Nc2 17. Rc1 Be7 18. Nd6+ Bxd6 19. exd6 0-0 20. Be4 Qxd6 21. Rf3 Bb5 22. Bc3 Rad8 23. Bxh7+ Kxh7 24. Rh3+ Kg8 25. Qh5 f6 26. Qh7+ Kf7 27. Bxf6 Kxf6 28. Rg3 Rg8 29. Qg6+ Ke7 30. Qg5+ Kd7 31. Qxb5+ Kc8 32. Qa4 Kb8 33. a3 Qd4 34. Qa5 d2 35. Rd1 Ne3 36. Qh5 Nxd1 37. Qxd1 Qxf4 38. Rf3 Qe4 39. Rf1 Rdf8 40. Rg1 Qe3 41. h3 Rc8 42. Qg4 0-1

[Event "FRA-chT3 North 0304"]
[Site "France"]
[Date "2003.10.12"]
[Round "1.6"]
[White "Blain, Philippe"]
[Black "Canel, Michel"]
[Result "0-1"]
[WhiteElo "1670"]
[BlackElo "2042"]
[PlyCount "42"]
[EventDate "2003.11.??"]
[EventType "team-tourn"]
[EventRounds "9"]
[EventCountry "FRA"]
[SourceTitle "EXT 2006"]
[Source "ChessBase"]
[SourceDate "2005.11.24"]
[SourceVersion "1"]
[SourceVersionDate "2005.11.24"]
[SourceQuality "1"]
[WhiteTeam "Noyon II"]
[BlackTeam "Baisieux"]
[WhiteTeamCountry "FRA"]
[BlackTeamCountry "FRA"]

1. d4 d5 2. c4 Nc6 3. Nf3 Bg4 4. cxd5 Bxf3 5. exf3 Qxd5 6. Be3 0-0-0 7. Nc3 Qa5 8. Bc4 e6 9. 0-0 Nf6 10. Ne4 Be7 11. Ng5 Bd6 12. g3 Rhf8 13. Qe2 Nd5 14. Bd2 Bb4 15. Bxb4 Qxb4 16. Rfd1 Qe7 17. Ne4 Nb6 18. Bb3 Nxd4 19. Qe3 Nf5 20. Qe2 Nd6 21. Nc5 Nf5 0-1

[Event "FRA-chT3 Gr8 0203"]
[Site "France"]
[Date "2003.04.05"]
[Round "8"]
[White "Leruste, Georges"]
[Black "Canel, Michel"]
[Result "1-0"]
[WhiteElo "2127"]
[BlackElo "2042"]
[PlyCount "80"]
[EventDate "2002.10.??"]
[EventType "team-tourn"]
[EventRounds "9"]
[EventCountry "FRA"]
[SourceTitle "EXT 2005"]
[Source "ChessBase"]
[SourceDate "2004.11.15"]
[SourceVersion "1"]
[SourceVersionDate "2004.11.15"]
[SourceQuality "1"]

1. c4 Nc6 2. Nc3 Nf6 3. Nf3 d5 4. cxd5 Nxd5 5. e4 Nb6 6. d4 e6 7. Be3 Be7 8. a3 0-0 9. Bd3 f5 10. exf5 exf5 11. d5 Nb8 12. 0-0 N8d7 13. a4 Nf6 14. Qb3 Kh8 15. Rfd1 Nbd7 16. Qc2 Nb6 17. Bxf5 Bxf5 18. Qxf5 Nfxd5 19. Qe4 Nxc3 20. bxc3 Qe8 21. a5 Nd7 22. Qxb7 Bd6 23. Bd4 Qg6 24. Qd5 h6 25. Re1 c6 26. Qe6 Qxe6 27. Rxe6 Bc5 28. Rxh6+ Kg8 29. Rxc6 Bxd4 30. cxd4 Nf6 31. h3 Nd5 32. Rb1 Rfd8 33. Rb7 Rac8 34. Rxc8 Rxc8 35. Rxa7 Rc1+ 36. Kh2 Rc2 37. Ng5 g6 38. Kg3 Nf6 39. Ra6 Nh5+ 40. Kf3 Rc3+ 1-0

[Event "FRA-chT3 Gr8 0203"]
[Site "France"]
[Date "2002.12.08"]
[Round "4"]
[White "Canel, Michel"]
[Black "Miller, Vincent"]
[Result "1/2-1/2"]
[WhiteElo "2042"]
[BlackElo "2050"]
[PlyCount "39"]
[EventDate "2002.10.??"]
[EventType "team-tourn"]
[EventRounds "9"]
[EventCountry "FRA"]
[SourceTitle "EXT 2005"]
[Source "ChessBase"]
[SourceDate "2004.11.15"]
[SourceVersion "1"]
[SourceVersionDate "2004.11.15"]
[SourceQuality "1"]

1. e4 c5 2. d4 cxd4 3. c3 g6 4. Qxd4 Nf6 5. f3 Nc6 6. Qf2 d5 7. exd5 Qxd5 8. Be3 Bf5 9. Nd2 Bg7 10. Bc4 Qa5 11. Nb3 Qa4 12. Qe2 a6 13. Nc5 Qa5 14. Nxb7 Qe5 15. Nc5 0-0 16. Nb3 Qc7 17. Nd4 Nxd4 18. Bxd4 e5 19. Be3 Qc6 20. Bb3 1/2-1/2

[Event "FRA-chT3 Gr8 0102"]
[Site "France"]
[Date "2002.01.20"]
[Round "5"]
[White "Strugnell, Carl"]
[Black "Canel, Michel"]
[Result "0-1"]
[WhiteElo "2071"]
[BlackElo "1950"]
[PlyCount "29"]
[EventDate "2001.10.??"]
[EventType "team-tourn"]
[EventRounds "9"]
[EventCountry "FRA"]
[SourceTitle "EXT 2005"]
[Source "ChessBase"]
[SourceDate "2004.11.15"]
[SourceVersion "1"]
[SourceVersionDate "2004.11.15"]
[SourceQuality "1"]

1. e4 d5 2. exd5 Nf6 3. Nf3 Nxd5 4. d4 Bf5 5. c4 Nf6 6. Nc3 c6 7. Qb3 Qb6 8. Na4 Qxb3 9. axb3 Nbd7 10. Bf4 e6 11. c5 Nd5 12. Bg3 Nb4 13. Rd1 Bc2 14. Bc4 Bxd1 15. Kxd1 0-1